La culpa y la carga de la prueba en el campo de la responsabilidad médica /

Bibliographic Details
Main Author: Jaramillo J., Carlos Ignacio (Author)
Other Authors: Ángel Yágüez, Ricardo de (contributor agent of text.)
Format: Electronic eBook
Language:Spanish
Published: Santiago, Chile : Bogotá, Colombia : Ediciones Olejnik ; Grupo Editorial Ibañez, [2019]
Series:Biblioteca de derecho privado.
Subjects:
Online Access:Digitalia Hispánica

MARC

LEADER 00000nam a2200000Ii 4500
001 DIGOLEJNK0879
003 NyNyDIG
006 m o d
007 cr |||||||||||
008 221019s2019 cl ob 001 0 spa d
035 |a (OCoLC)1350509954 
040 |a DGITA  |b eng  |e rda  |e pn  |c DGITA 
020 |z 9789563923704 
043 |a s-ck--- 
050 1 4 |a KHH4447.M34 ebook 
100 1 |a Jaramillo J., Carlos Ignacio,  |e author. 
245 1 3 |a La culpa y la carga de la prueba en el campo de la responsabilidad médica /  |c Carlos Ignacio Jaramillo J. ; prólogo, Prof. Ricardo de Ángel Yágüez. 
264 1 |a Santiago, Chile :  |b Ediciones Olejnik ;  |a Bogotá, Colombia :  |b Grupo Editorial Ibañez,  |c [2019] 
300 |a 1 online resource. 
336 |a text  |b txt  |2 rdacontent 
337 |a computer  |b c  |2 rdamedia 
338 |a online resource  |b cr  |2 rdacarrier 
347 |a text file  |2 rdaft 
347 |b PDF 
490 1 |a Biblioteca de derecho privado 
504 |a Includes bibliographical references and indexes.  
588 0 |a Online resource; title from PDF title page (Digitalia, viewed October 19, 2022) 
650 0 |a Physicians  |x Malpractice  |z Colombia. 
650 0 |a Evidence, Expert  |z Colombia. 
655 0 |a Electronic books. 
700 1 |a Ángel Yágüez, Ricardo de,  |e contributor agent of text. 
791 2 |a Digitalia (Firm),  |e distributor. 
793 0 |g Digitalia eBook Collection:  |a Ediciones Olejnik 
776 0 8 |i Print version:  |a Jaramillo J., Carlos Ignacio.  |t Culpa y la carga de la prueba en el campo de la responsabilidad médica.  |d Santiago, Chile : Ediciones Olejnik ; Bogotá, Colombia : Grupo Editorial Ibañez, 2019  |z 9789563923704 
830 0 |a Biblioteca de derecho privado. 
856 4 0 |3 Digitalia Hispánica  |u https://www.digitaliapublishing.com/a/104906/ 
910 |a Premium collection: 2022